00275nam a22001097a 4500020001500000082001400015100002200029245007100051260002300122300000700145650001300152 a8172140177 a294.3 PRA aPrakash, Surendra aThe Buddhist Sutra of Lotus Flower: Its essence and interpretation aDelhibISPCKc1991 a83 aBuddhism